Normal view
MARC view
Entry Personal Name
001 - CONTROL NUMBER
- control field: 36699
003 - CONTROL NUMBER IDENTIFIER
- control field: ARRUPE
005 - DATE AND TIME OF LATEST TRANSACTION
- control field: 20171005093905.0
008 - FIXED-LENGTH DATA ELEMENTS
- fixed length control field: 171005|| aca||aabn | a|a d
040 ## - CATALOGING SOURCE
- Original cataloging agency: ARRUPE
- Transcribing agency: ARRUPE
100 ## - HEADING--PERSONAL NAME
- Personal name: Sampson, Jerry
670 ## - SOURCE DATA FOUND
- Source citation: Work cat.: (ARRUPE): Sampson, Jerry, Nigeria history, precolonial history from year 1500, 2016